000 00622cam a22001697a 4500
008 180718b1991 xxu||||| |||| 00| 0 eng d
100 _aDiwan, Ishac
245 _aLong term prospects in Eastern Europe: the role of external finance in an era of change
_cby Ishac Diwan and Fernando Saldanha
260 _aWashington, D.C.
_bIBRD
_c1991
300 _a42p.
440 _aWorking Papers WPS, 695
650 _aPrivatization --Europe, Eastern
650 _aDebts, External --Europe, Eastern
650 _aDebt relief --Europe, Eastern
650 _aDebt equity conversion --Europe, Eastern
700 _aSaldanha, Fernando
999 _c226576
_d226576